[Event "10th Balagne Rapid KO"]
[Site "Calvi FRA"]
[Date "2013.04.14"]
[Round "1.1"]
[White "Tkachiev,V"]
[Black "Lhostis,Florian"]
[Result "1-0"]
[WhiteElo "2632"]
[BlackElo "1760"]

1.d4 d5 2.c4 e6 3.Nf3 Nf6 4.g3 Be7 5.Bg2 O-O 6.O-O c6 7.Qc2 Nbd7 8.Rd1 b6
9.Bf4 Bb7 10.Ne5 Rc8 11.Nc3 a6 12.e4 Nxe5 13.dxe5 Nd7 14.exd5 cxd5 15.cxd5 Bxd5
16.Bxd5 exd5 17.Qe2 b5 18.Nxd5 Qe8 19.Qg4 Rc6 20.Nxe7+ Qxe7 21.Rxd7 Qb4 22.Rad1 Qxb2
23.Rd8 Rc2 24.Rxf8+ Kxf8 25.Rd8+  1-0

[Event "4th LUCOPEN 2013"]
[Site "Lille FRA"]
[Date "2013.04.14"]
[Round "2.37"]
[White "Feys,Bert"]
[Black "Doossche,C"]
[Result "1-0"]
[WhiteElo "2067"]
[BlackElo "1731"]

1.d4 Nf6 2.c4 e6 3.g3 d5 4.Bg2 Be7 5.Nf3 O-O 6.O-O c5 7.cxd5 exd5 8.Nc3 Nc6
9.Bg5 Bg4 10.dxc5 d4 11.Bxf6 Bxf6 12.Ne4 Be7 13.Qa4 Qd5 14.Nfd2 Qh5 15.f3 Bd7
16.Nb3 Qh6 17.f4 f5 18.Ned2 Qe6 19.Qc4 a5 20.Bd5  1-0

[Event "13th BCC Open 2013"]
[Site "Pattaya THA"]
[Date "2013.04.14"]
[Round "1.10"]
[White "Zhao Zong Yuan"]
[Black "Gurevich,Al"]
[Result "1-0"]
[WhiteElo "2537"]
[BlackElo "2074"]

1.Nf3 Nf6 2.c4 e6 3.g3 d5 4.d4 Be7 5.Bg2 O-O 6.O-O c6 7.Qc2 Ne4 8.b3 Nd7
9.Ba3 Re8 10.Bxe7 Qxe7 11.Nbd2 Nxd2 12.Nxd2 Qf6 13.e3 Nf8 14.f4 Rd8 15.Nf3 Qe7
16.e4 dxc4 17.bxc4 b6 18.Rfd1 Bb7 19.a4 Qc7 20.c5 bxc5 21.Qxc5 Nd7 22.Qc3 Rac8
23.Rac1 h6 24.Qe3 Qa5 25.Nd2 c5 26.Nc4 Qxa4 27.dxc5 Qc6 28.Nd6 Nxc5 29.Nxc8  1-0

[Event "15th Dubai Open 2013"]
[Site "Dubai UAE"]
[Date "2013.04.15"]
[Round "9.15"]
[White "Wen Yang"]
[Black "Karthikeyan,M2"]
[Result "1-0"]
[WhiteElo "2631"]
[BlackElo "2432"]

1.d4 d5 2.c4 e6 3.Nf3 Nf6 4.g3 Be7 5.Bg2 O-O 6.O-O dxc4 7.Ne5 Nc6 8.Nxc6 bxc6
9.Na3 Bxa3 10.bxa3 Nd5 11.Qa4 Rb8 12.Qxc4 Rb6 13.Rd1 f5 14.a4 f4 15.a5 Rb4
16.Qd3 fxg3 17.Qxg3 Rc4 18.Bg5 Qd6 19.Rac1 Qxg3 20.hxg3 Nc3 21.Rc2 Ba6 22.Rdd2 Rb8
23.Bf4 Rb1+ 24.Kh2 Nd5 25.Be5 Rxc2 26.Rxc2 Bb5 27.e4 Nb4 28.Rd2 Ra1 29.Bh3 Bc4
30.d5 Rxa2 31.Rxa2 Nxa2 32.Bxe6+ Kf8 33.Bxc7 cxd5 34.Bd6+ Ke8 35.e5 Nc3 36.f3 a6
37.Bb4 Nb5 38.Bg8 Nd4 39.f4 Nc6 40.Bc5 Bd3 41.g4 Be4 42.e6 d4 43.Bf7+ Kd8
44.Bb6+ Kc8 45.Kg3 d3 46.Be3 Bd5 47.Bg8 h5 48.gxh5 Nd4 49.Bh7 Nxe6 50.Bxd3 Kb7
51.f5 Nc7 52.Bd4 Ne8 53.Kf4 Bb3 54.Kg5 Bf7 55.Be5 Bd5 56.Kg6 Bf3 57.Bc4  1-0

[Event "15th Dubai Open 2013"]
[Site "Dubai UAE"]
[Date "2013.04.15"]
[Round "9.29"]
[White "Paehtz,E"]
[Black "Khukhashvili,S"]
[Result "1/2-1/2"]
[WhiteElo "2479"]
[BlackElo "2386"]

1.d4 Nf6 2.c4 e6 3.g3 d5 4.Nf3 Be7 5.Bg2 O-O 6.O-O dxc4 7.Qc2 a6 8.a4 Bd7
9.Qxc4 Bc6 10.Bf4 a5 11.Nc3 Na6 12.Rae1 Nd5 13.Ne5 Nab4 14.Nxc6 bxc6 15.Rd1 Rb8
16.Bc1 Nb6 17.Qb3 Qc8 18.Rfe1 Rd8 19.Ne4 Qa6 20.Bf1 Qc4 21.Qxc4 Nxc4 22.e3 Nb6
23.b3 N6d5 24.Bb2 h6 25.Rb1 Na2 26.Ra1 Bb4 27.Re2 Nac3 28.Nxc3 Bxc3 29.Bxc3 Nxc3
30.Rb2 Rb4 31.Rc1 Nxa4 32.Ra2 Nb6 33.Rxa5 Rd6 34.Rac5 Rxb3 35.Rxc6 Nd5 36.R6c5 Rb7
37.Bb5 Ra7 38.Bc6 Nf6 39.Bf3 Rd7 40.Rb1 Kf8 41.Bc6 Rd8 42.Rbc1 g6 43.Bf3 Rd7
44.g4 Kg7 45.Kg2 Re7 46.h4 Ne8 47.Bc6 Nd6 48.R1c2 Nc8 49.Kg3 Nd6 50.Bg2 f5
51.gxf5 gxf5 52.Kf4 Kf6 53.Bc6 Ra1 54.Bf3 Ra7 55.Kg3 Rg7+ 56.Kh2 Re7 57.Rc1 Ne8
58.Rc6 Ra2 59.Kg1 Rg7+ 60.Kf1 Ra7 61.Rb1 Nd6 62.Rbc1 Ne8 63.R6c2 Nd6 64.Rb2 Rg8
65.Ke2 Ke7 66.Rbc2 Kd7 67.Bc6+ Ke7 68.Bf3 Kd7 69.Rb2 Ra3 70.Bc6+ Ke7 71.Bf3 Kd7
72.Rbc2 Ra7 73.Bh5 Ne4 74.Bf3 Nd6 75.Kf1 Rg7 76.Be2 f4 77.h5 Rf7 78.Kg2 fxe3
79.fxe3 Nf5 80.Rc3 Kd8 81.Bc4 Rg7+ 82.Kf2 Ke7 83.Bb3 Kf6 84.Rc6 Nd6 85.Ke2 Rb7
86.Rf1+ Ke7 87.Bc2 Rg5 88.Bg6 Kd7 89.Rc2 e5 90.dxe5 Rxe5 91.Rd1 Rb3 92.Rd3  1/2-1/2

[Event "ch-CHN 2013"]
[Site "Xinghua CHN"]
[Date "2013.04.17"]
[Round "2.6"]
[White "Li Chao2"]
[Black "Xiu Deshun"]
[Result "1-0"]
[WhiteElo "2686"]
[BlackElo "2534"]

1.d4 Nf6 2.Nf3 d5 3.c4 e6 4.g3 Be7 5.Bg2 O-O 6.O-O dxc4 7.Qc2 a6 8.a4 Bd7
9.Qxc4 Bc6 10.Bg5 Bd5 11.Qc2 Be4 12.Qd1 c5 13.Nbd2 Bc6 14.dxc5 Bxc5 15.Ne5 Bxg2
16.Kxg2 Bd4 17.Ndf3 Bxb2 18.Rb1 Bxe5 19.Nxe5 Nc6 20.Bxf6 Qxd1 21.Rfxd1 gxf6
22.Nd7 Rfd8 23.Rxb7 f5 24.Rc1 Rac8 25.Rc5 Kg7 26.e3 Ne7 27.Rxc8 Rxc8 28.Ne5 Kf8
29.h4 Rc2 30.h5 h6 31.Ra7 Ra2 32.g4 fxg4 33.Rxa6 Nd5 34.Nxg4 f5 35.Nxh6 Nxe3+
36.Kg3 Nf1+ 37.Kh4 Rxf2 38.Rxe6 Kg7 39.Kg5 Ng3 40.Re7+ Kf8 41.Re5 Rh2 42.Kg6 Rxh5
43.a5 Rh1 44.Nf7 Rg1 45.Ng5 Ne4 46.Rxf5+ Ke7 47.Re5+ Kd6 48.Rxe4 Ra1 49.Re6+ Kc5
50.Ne4+ Kb4 51.a6 Kb5 52.Nc3+ Kc5 53.Kf6 Ra3 54.Ne4+ Kb5 55.Nd6+ Kc5 56.Nc8 Kb5
57.a7  1-0

[Event "77th ch-BUL 2013"]
[Site "Bankya BUL"]
[Date "2013.04.18"]
[Round "3.2"]
[White "Rusev,K"]
[Black "Dimitrov,R"]
[Result "1-0"]
[WhiteElo "2532"]
[BlackElo "2420"]

1.d4 d5 2.c4 e6 3.Nf3 Nf6 4.g3 Be7 5.Bg2 O-O 6.O-O dxc4 7.Qc2 Nc6 8.Qxc4 Qd5
9.Qxd5 exd5 10.Bf4 Bg4 11.Bxc7 Bxf3 12.exf3 Nxd4 13.Nc3 Ne6 14.Be5 d4 15.Bxf6 Bxf6
16.Nd5 Rac8 17.Rfd1 Rc2 18.Rab1 Rd8 19.f4 Nc5 20.Rbc1 Rxc1 21.Rxc1 Na4 22.Rc2 d3
23.Nxf6+ gxf6 24.Rd2 Nxb2 25.Rxb2 d2 26.Bf3 d1=Q+ 27.Bxd1 Rxd1+ 28.Kg2 b6
29.Rc2 Rd3 30.Kh3 f5 31.Kh4 h6 32.Kh5 Kg7 33.h3 Ra3 34.Rb2 Ra4 35.Rd2 b5
36.Rc2 a6 37.Rd2 a5 38.Rb2 b4 39.Rc2 Ra3 40.Rd2 Rf3 41.Rd5 a4 42.Rxf5 Rxf2
43.Rb5 Rb2 44.h4 a3 45.g4 Rb1 46.Ra5 Rb2 47.Rb5 Rb1 48.Ra5 Rb2 49.Rb5 Rb1
50.Ra5 Rb2 51.Ra4 Kf6 52.Kxh6 Ke6 53.h5 Kd5 54.Kg7 Kc4 55.h6 Rxa2 56.h7 Rh2
57.g5 Kb3 58.Ra6 a2 59.f5 Kb2 60.g6 fxg6 61.f6 b3 62.f7 a1=Q 63.Rxa1 Kxa1
64.f8=Q b2 65.Qa3+ Kb1 66.h8=Q Rxh8 67.Kxh8 g5 68.Qd3+ Ka1 69.Qd4 Ka2 70.Qa4+ Kb1
71.Kg7 Kc1 72.Qc4+ Kd2 73.Qb3 Kc1 74.Qc3+ Kb1 75.Kf6 g4 76.Kf5 Ka2 77.Qc2 g3
78.Kf4 Ka3 79.Kxg3  1-0

[Event "TCh-AUT 2 Mitte 2012-13"]
[Site "Fuerstenfeld AUT"]
[Date "2013.04.21"]
[Round "11.5"]
[White "Spindelboeck,G"]
[Black "Singer,H"]
[Result "1-0"]
[WhiteElo "2233"]
[BlackElo "2229"]

1.d4 d5 2.c4 e6 3.Nf3 Nf6 4.g3 Be7 5.Bg2 O-O 6.O-O c5 7.cxd5 exd5 8.Nc3 Nc6
9.Bg5 cxd4 10.Nxd4 h6 11.Bxf6 Bxf6 12.Nxc6 bxc6 13.Rc1 Bg4 14.h3 Bh5 15.Qd2 Rc8
16.Rfd1 Re8 17.Re1 Bg6 18.e3 Qa5 19.Red1 Qa6 20.b3 Be7 21.Ne2 Ba3 22.Ra1 Qb6
23.Nf4 Be4 24.Bxe4 Rxe4 25.Qc3 Bd6 26.Nxd5 Qb8 27.Nf4 Bxf4 28.exf4 Qb6 29.Re1 Rce8
30.Rxe4 Rxe4 31.Qc2 Rd4 32.Re1 Rd8 33.f5 Qb4 34.Re4 Qb5 35.f6 gxf6 36.Rg4+ Kf8
37.Qc1 Qe2 38.Qc5+  1-0

[Event "48th Capablanca Open II 2013"]
[Site "Havana CUB"]
[Date "2013.04.21"]
[Round "1.2"]
[White "Martin,O"]
[Black "Mandina Verdecia,Yoan"]
[Result "1-0"]
[WhiteElo "2262"]
[BlackElo "2034"]

1.d4 Nf6 2.c4 e6 3.Nf3 d5 4.g3 Be7 5.Bg2 O-O 6.O-O b6 7.Ne5 Bb7 8.Nc3 Nbd7
9.Qa4 Nxe5 10.dxe5 Ne4 11.Nxe4 dxe4 12.Rd1 Qe8 13.Qc2 Qc6 14.Rd4 Qc5 15.Rd7 Rad8
16.Be3 Qxe5 17.Bf4 Qf6 18.Rxc7 Ba8 19.Be3 Bc5 20.Rxc5 bxc5 21.Bxc5 Rfe8 22.Bxa7 Qe5
23.Be3 f5 24.Rb1 Qf6 25.b4 e5 26.Qc1 f4 27.Bc5 e3 28.fxe3 fxg3 29.e4 Qh4
30.hxg3 Qxg3 31.Qe3 Qg4 32.b5 Re6 33.Qh3 Qxh3 34.Bxh3 Rg6+ 35.Kf2 Bxe4 36.Rb3 Bb7
37.a4 Ra8 38.Ra3 Kf7 39.a5 Rf6+ 40.Ke3 Rd8 41.a6 Ba8 42.b6 Rb8 43.Rb3 Rc6
44.Bg2 Rcxb6 45.Rxb6 Rxb6 46.Bxa8 Rxa6 47.Bb7 Ra2 48.Bd5+ Ke8 49.Bd6 Kd7
50.Bxe5 g5 51.c5 Ra3+ 52.Ke4  1-0

[Event "ch-SRB 2013"]
[Site "Vrnjacka Banja SRB"]
[Date "2013.04.25"]
[Round "11.2"]
[White "Bogosavljevic,B"]
[Black "Miladinovic,I"]
[Result "1-0"]
[WhiteElo "2512"]
[BlackElo "2569"]

1.d4 d5 2.c4 e6 3.Nf3 Nf6 4.g3 Be7 5.Bg2 O-O 6.O-O Nbd7 7.Qc2 c6 8.Rd1 b6
9.b3 Ba6 10.Nbd2 Rc8 11.e4 c5 12.exd5 exd5 13.Nf1 cxd4 14.Nxd4 b5 15.Ne3 bxc4
16.Nxd5 Nxd5 17.Bxd5 cxb3 18.Qxb3 Nc5 19.Qf3 Bf6 20.Be3 Qa5 21.Rac1 Bxd4
22.Bxd4 Ne6 23.Bxe6 fxe6 24.Qg4 e5 25.Qe6+ Kh8 26.Bxe5 Rce8 27.Bc3 Rxe6 28.Bxa5 h6
29.Rc7 Be2 30.Rdd7 Bf3 31.Bc3 Rb8 32.Bxg7+ Kg8 33.Rc1 Rb7 34.Rxb7 Bxb7 35.Bd4 a6
36.h3 h5 37.Kh2 Kf7 38.Rc5  1-0

[Event "Maharashtra Chess League 2013"]
[Site "Pune IND"]
[Date "2013.04.26"]
[Round "5"]
[White "Ashwin,J"]
[Black "Vijayalakshmi,S"]
[Result "1-0"]
[WhiteElo "2472"]
[BlackElo "2378"]

1.d4 Nf6 2.c4 e6 3.g3 d5 4.Nf3 Be7 5.Bg2 O-O 6.O-O dxc4 7.Qc2 a6 8.a4 Bd7
9.Qxc4 Bc6 10.Bf4 Nbd7 11.Nc3 Nb6 12.Qb3 Nbd5 13.Bd2 Nxc3 14.bxc3 Be4 15.Rfd1 Qd5
16.c4 Qh5 17.h3 Rad8 18.g4 Nxg4 19.hxg4 Qxg4 20.Qe3 Bf6 21.Qf4 Bxf3 22.exf3 Qxf4
23.Bxf4 Rxd4 24.Rxd4 Bxd4 25.Rb1 e5 26.Be3 b6 27.Bxd4 exd4 28.Bf1 Rd8 29.c5 d3
30.Rd1 d2 31.cxb6 cxb6 32.Bxa6 h5 33.Kf1 h4 34.Ke2 h3 35.Bd3 Rd4 36.Bc2 Kf8
37.Rh1 Rh4 38.Kxd2 g6 39.Ke2 Ke7 40.Re1 Kf6 41.Kf1 Rc4 42.Bd1 Rc1 43.Kg1 Rb1
44.Kh2 b5 45.axb5 Rxb5 46.Kxh3 Rh5+ 47.Kg2 Rg5+ 48.Kf1 Ra5 49.Re4 Kg5 50.Rg4+ Kf6
51.Ke2 Ra2+ 52.Ke3 Ra3+ 53.Kd2 Ra2+ 54.Bc2 Ra3 55.Bd3 Ra2+ 56.Ke3 Ra3 57.Rf4+ Kg7
58.Rb4 Ra7 59.Kf4 Rd7 60.Be4 Rd6 61.Rb7 Kf6 62.Bc2 Kg7 63.Bb3 Rf6+ 64.Ke4 Rf5
65.f4 Rf6 66.Rxf7+ Rxf7 67.Bxf7 Kxf7 68.Ke5 Ke7 69.f5 gxf5 70.Kxf5 Kf7 71.f4 Ke7
72.Kg6 Kf8 73.Kf6  1-0

[Event "Maharashtra Chess League 2013"]
[Site "Pune IND"]
[Date "2013.04.26"]
[Round "5"]
[White "Gagare,Shar"]
[Black "Karavade,E"]
[Result "1/2-1/2"]
[WhiteElo "2397"]
[BlackElo "2389"]

1.c4 e6 2.g3 Nf6 3.Bg2 d5 4.d4 Be7 5.Nf3 O-O 6.O-O dxc4 7.Qc2 a6 8.a4 Bd7
9.Qxc4 Bc6 10.Bf4 Bd6 11.Nc3 Nbd7 12.b4 Nb6 13.Qb3 Nbd5 14.Nxd5 Bxd5 15.Qb2 Bxf4
16.gxf4 Qd6 17.e3 a5 18.b5 Nd7 19.Ne5 Bxg2 20.Kxg2 Nxe5 21.fxe5 Qd5+ 22.f3 f6
23.Rac1 b6 24.Rxc7 fxe5 25.dxe5 Rf5 26.e4 Rg5+ 27.Kh1 Qd3 28.Qc1 Rxe5 29.Rf2 Rf8
30.Qg1 Rf7 31.Rc8+ Rf8 32.Rxf8+ Kxf8 33.Qg3 Qd1+ 34.Kg2 Rc5 35.Qf4+ Ke8 36.Rd2 Rc2
37.Qb8+ Kf7 38.Qf4+ Ke8 39.Rxc2 Qxc2+ 40.Kg3 Qc5 41.Qb8+ Kf7 42.Qf4+ Ke7
43.Qh4+ Kf7 44.Qxh7 Qg1+ 45.Kh3 Qf1+ 46.Kg3 Qg1+ 47.Kh3 Qf1+  1/2-1/2

[Event "TCh-CZE Extraliga 2012-13"]
[Site "Czech Republic CZE"]
[Date "2013.04.27"]
[Round "10.5"]
[White "Hausner,I"]
[Black "Konopka,M"]
[Result "1-0"]
[WhiteElo "2407"]
[BlackElo "2453"]

1.c4 e6 2.g3 Nf6 3.Bg2 d5 4.Nf3 Be7 5.d4 O-O 6.O-O dxc4 7.Ne5 Nc6 8.Bxc6 bxc6
9.Nxc6 Qe8 10.Nxe7+ Qxe7 11.Qa4 e5 12.dxe5 Qxe5 13.Qxc4 Be6 14.Qd3 Rad8 15.Qe3 Qh5
16.f3 Rfe8 17.Qg5 Bc4 18.Qxh5 Nxh5 19.Nc3 Bxe2 20.Rf2 Ba6 21.Bg5 f6 22.Bd2 f5
23.Rc1 Rd3 24.Na4 Red8 25.Rc2 R3d4 26.Nc5 Rc4 27.Rxc4 Bxc4 28.b3 Rd5 29.Na4 Bd3
30.Be3 f4 31.gxf4 Bb5 32.Rc2 Rd1+ 33.Kf2 Rf1+ 34.Kg2 Re1 35.Bxa7 Nxf4+ 36.Kg3 Ne2+
37.Kf2 Rh1 38.Ke3 Re1 39.Rxc7 Ng1+ 40.Kf4 Ne2+ 41.Kg4 Ra1 42.Nc5 Nd4 43.a4 Be2
44.Kf4 Bxf3 45.Ke3 Rd1 46.Rd7 Nc6 47.Kxf3 Rxd7 48.Nxd7 Nxa7 49.b4 Kf7 50.b5 Ke6
51.Nf8+ Kd5 52.Nxh7 Kc5 53.Ke4 Nc8 54.Nf8 Kb4 55.Kd5 Kxa4 56.Kc5 Ka5 57.Nd7 g5
58.h3 g4 59.hxg4 Nb6 60.Ne5 Na4+ 61.Kc6  1-0

[Event "48th Capablanca Open I 2013"]
[Site "Havana CUB"]
[Date "2013.04.28"]
[Round "7.30"]
[White "Leiva,G"]
[Black "Gutierrez Delgado,Y"]
[Result "1/2-1/2"]
[WhiteElo "2388"]
[BlackElo "2335"]

1.d4 Nf6 2.Nf3 d5 3.c4 e6 4.g3 Be7 5.Bg2 O-O 6.O-O dxc4 7.Qc2 b5 8.a4 b4
9.Ne5 Qxd4 10.Bxa8 Qxe5 11.Nd2 c6 12.Nxc4 Qh5 13.f3 Ba6 14.Kg2 b3 15.Qxb3 Qc5
16.Be3 Qxc4 17.Qxc4 Bxc4 18.Bxa7 c5 19.Rac1 Nbd7 20.Bc6 Bxe2 21.Rfe1 Ba6
22.b4 cxb4 23.Bxd7 Nxd7 24.Rc7 Bc8 25.Rec1 Bg5 26.Rxc8 Bxc1 27.Rxc1 Ra8 28.Rc7 Nf6
29.Rb7 Nd5 30.a5 f6 31.a6 h6 32.f4 b3 33.Kf3 b2 34.Bc5 Rxa6 35.Rxb2 Rc6 36.Rb8+ Kf7
37.Rb7+ Kg6 38.Bf8 Rc7 39.Rxc7 Nxc7 40.Ke4 Kf7 41.Bd6 Nb5 42.Bb4 Ke8 43.f5 Kd7
44.fxe6+ Kxe6 45.g4 g6 46.h3 Nd6+ 47.Kf4 Nf7 48.Bf8 h5 49.gxh5 gxh5 50.Ba3 Ng5
51.Bb2 Nh7 52.Ba3 Ng5 53.Bb2 Nf7 54.Ba1 Ne5 55.Bc3 Ng6+ 56.Ke4 Ne7 57.Bb2 Kf7
58.Ba3 Ng8 59.Kf4 Kg6 60.Bb4 Nh6 61.Be1 Nf7 62.Bh4 Nd8 63.Be1 Ne6+ 64.Kg3 Ng5
65.Ba5 Ne4+ 66.Kf4 Nf2 67.Kg3 Nd3 68.Bc3 Nc5 69.Bd4 Ne4+ 70.Kf4 f5 71.Ba1 Ng5
72.h4 Ne4 73.Bd4 Nf6 74.Be5 Ne8 75.Bc3 Nf6 76.Ba5 Nd5+ 77.Ke5  1/2-1/2

[Event "ch-FRA Junior 2013"]
[Site "Saint-Paul-Trois-Chateaux FRA"]
[Date "2013.04.28"]
[Round "1.2"]
[White "Ider,B"]
[Black "El Mchaouri Mas,Younes"]
[Result "1-0"]
[WhiteElo "2389"]
[BlackElo "1945"]

1.d4 Nf6 2.c4 e6 3.g3 d5 4.Nf3 Be7 5.Bg2 O-O 6.O-O dxc4 7.Ne5 Nbd7 8.Nxc4 Nb6
9.Ne5 c5 10.dxc5 Qxd1 11.Rxd1 Bxc5 12.Nc3 a6 13.Rb1 Nfd7 14.Nxd7 Nxd7 15.b4 Ba7
16.Ne4 Ne5 17.Bf4 Nc6 18.Bd6 Rd8 19.Nc5 Bb6 20.Rbc1 f6 21.Nxa6 bxa6 22.Bxc6 Bb7
23.Bxb7 Rac8 24.Bxa6 Rxd6  1-0

[Event "Renova FIDE GP Zug"]
[Site "Zug SUI"]
[Date "2013.04.29"]
[Round "10.6"]
[White "Giri,A"]
[Black "Leko,P"]
[Result "1/2-1/2"]
[WhiteElo "2727"]
[BlackElo "2744"]

1.d4 Nf6 2.c4 e6 3.g3 d5 4.Bg2 Be7 5.Nf3 O-O 6.Qc2 c5 7.O-O cxd4 8.Nxd4 e5
9.Nf5 d4 10.Nxe7+ Qxe7 11.Bg5 h6 12.Bxf6 Qxf6 13.Nd2 Nc6 14.c5 Qe7 15.Rac1 a5
16.Ne4 Nb4 17.Qb1 Bf5 18.a3 Nc6 19.b4 axb4 20.axb4 Qe6 21.b5 Ne7 22.Rfe1 Rfd8
23.Qb4 Nd5 24.Qb3 Bxe4 25.Bxe4 Rac8 26.e3 Nc3 27.Qxe6 fxe6 28.exd4 exd4 29.c6 Nxe4
30.Rxe4 bxc6 31.bxc6 Rd6 32.Rd1 Rcxc6 33.Rexd4 Rxd4 34.Rxd4 Kf7 35.Rf4+ Ke7
36.Rg4 Kf7 37.Rf4+ Ke7 38.Rg4 Kf7  1/2-1/2

[Event "Chinese Teams 2013"]
[Site "Tianjin CHN"]
[Date "2013.05.01"]
[Round "2.1"]
[White "Lei Tingjie"]
[Black "Liu,Manli"]
[Result "1-0"]
[WhiteElo "2232"]
[BlackElo "2143"]

1.c4 Nf6 2.g3 e6 3.Bg2 d5 4.Nf3 Be7 5.d4 O-O 6.O-O dxc4 7.Qc2 a6 8.a4 Bd7
9.Qxc4 Bc6 10.Bg5 Bd5 11.Qc2 Be4 12.Qd1 c5 13.dxc5 Bxc5 14.Qxd8 Rxd8 15.Nbd2 Bc6
16.Nb3 Be7 17.Na5 Bd5 18.Ne5 Bxg2 19.Kxg2 Rd5 20.Nac4 Bc5 21.Rfd1 Nbd7 22.Nxd7 Nxd7
23.e4 Rxd1 24.Rxd1 Nf6 25.Kf3 b5 26.axb5 axb5 27.Be3 Bxe3 28.Nxe3 Kf8 29.e5 Ne8
30.Rd7 Rc8 31.Rb7 Rc5 32.Ke4 Nc7 33.b4 Rc1 34.Kd3 Ke8 35.Kd2 Rc6 36.Nc2 f6
37.Nd4 Rc4 38.Nxb5 Nxb5 39.Rxb5 fxe5 40.Rb7 g5 41.b5 h5 42.b6 Kd8 43.Rg7 Kc8
44.Rxg5 h4 45.Rg7 Rb4 46.b7+ Kb8 47.Ke3 Rc4 48.Rh7 hxg3 49.fxg3 Rc1 50.Re7 Rh1
51.h4 Rh3 52.Kf3 Rh2 53.Rxe6 Kxb7 54.Rxe5 Kc6 55.Kg4 Kd6 56.Re1 Rd2 57.h5 Rd4+
58.Kg5 Rd5+ 59.Kh4  1-0

[Event "Chinese Teams 2013"]
[Site "Tianjin CHN"]
[Date "2013.05.02"]
[Round "3.6"]
[White "Wen Yang"]
[Black "Xiu Deshun"]
[Result "1/2-1/2"]
[WhiteElo "2631"]
[BlackElo "2534"]

1.d4 Nf6 2.c4 e6 3.g3 d5 4.Nf3 Be7 5.Bg2 O-O 6.O-O dxc4 7.Qc2 a6 8.a4 Bd7
9.Qxc4 Bc6 10.Bg5 Bd5 11.Qd3 c5 12.Nc3 Bc6 13.Rfd1 Qa5 14.Bd2 cxd4 15.Nb5 Qd8
16.Nbxd4 Be4 17.Qe3 Nbd7 18.Bc3 Bc5 19.Qg5 h6 20.Qh4 Bd5 21.Rac1 Rc8 22.Ne1 Ne4
23.Bxe4 Qxh4 24.gxh4 Bxe4 25.Nb3 Bd5 26.Nxc5 Nxc5 27.Bb4 Nb3 28.Rc3 Rxc3
29.Bxc3 Rc8 30.f3 Rc4 31.e4 Bc6 32.Rd8+ Kh7 33.Nd3 Rxa4 34.Ne5 f6 35.Nxc6 bxc6
36.Rd6 e5 37.Rxc6 h5 38.Kf2 Ra1 39.Rb6 Nc5 40.Ke3 Nd7 41.Rb7 Nf8 42.b4 Rc1
43.Bd2 Rc6 44.Ra7 Ng6 45.Be1 Nf4 46.Bg3 Ne6 47.Kd3 Nd4 48.f4 Nb5 49.Ra8 exf4
50.Bxf4 Rc3+ 51.Kd2 Rc4 52.Kd3 Rc3+ 53.Kd2 Rc4 54.Kd3 Rd4+ 55.Ke3 Rxb4 56.Rxa6 Nc3
57.Bd6 Rb3 58.Kd3 Nb5+ 59.Kc4 Rb2 60.e5 fxe5 61.Bxe5 Re2 62.Kd5 Rc2 63.Rc6  1/2-1/2

[Event "8th Angers Open"]
[Site "Angers FRA"]
[Date "2013.05.04"]
[Round "4.1"]
[White "Malin,C"]
[Black "Delorme,Al"]
[Result "0-1"]
[WhiteElo "1961"]
[BlackElo "2284"]

1.Nf3 d5 2.d4 Nf6 3.c4 e6 4.g3 Be7 5.Bg2 O-O 6.Nbd2 b6 7.O-O c5 8.dxc5 bxc5
9.Qc2 Bb7 10.Ne5 Nbd7 11.Nxd7 Qxd7 12.cxd5 exd5 13.Rd1 Rfd8 14.b3 Qe6 15.e3 h5
16.Bb2 h4 17.Rac1 h3 18.Bh1 Rac8 19.Re1 Ne4 20.Nf1 Bf6 21.f3 Ng5 22.Bxf6 Qxf6
23.Qf2 d4 24.e4 d3 25.Rcd1 c4 26.bxc4 Rxc4 27.Nd2 Rc2 28.f4 Ne6 29.e5 Qe7
30.Qxa7 Nd4 31.Re3 Ne2+ 32.Kf2 Nc3 33.Ke1 Nxd1 34.Kxd1 Bf3+  0-1

[Event "14th Euro Indiv 2013"]
[Site "Legnica POL"]
[Date "2013.05.05"]
[Round "1.32"]
[White "Meier,Geo"]
[Black "Anton,T"]
[Result "1-0"]
[WhiteElo "2655"]
[BlackElo "2441"]

1.Nf3 Nf6 2.c4 e6 3.g3 d5 4.d4 Be7 5.Bg2 O-O 6.O-O dxc4 7.Qc2 a6 8.a4 Bd7
9.Rd1 Bc6 10.Nc3 a5 11.e4 Na6 12.Ne5 Nb4 13.Qe2 h6 14.Be3 Qc8 15.Rd2 Rd8
16.Rad1 Be8 17.Nxc4 Ra6 18.Bh3 Qb8 19.Bf4 g5 20.Be3 b5 21.Ne5 bxa4 22.f4 Nh7
23.Rf1 f6 24.Nc4 Kg7 25.d5 exd5 26.exd5 Bf7 27.Bd4 Re8 28.Bd7 Nxd5 29.Nxd5 Bxd5
30.Ne3 Re6 31.Qg4 Rxe3 32.Bxe3 Qb3 33.Bd4 Rd8 34.fxg5 hxg5 35.Rdf2 Ba8 36.Rxf6 Bxf6
37.Rxf6 Nxf6 38.Qxg5+  1-0

[Event "31st Liechtenstein Open 2013"]
[Site "Triesen LIE"]
[Date "2013.05.05"]
[Round "3.20"]
[White "Van Heirzeele,D"]
[Black "Bahl,Felix"]
[Result "0-1"]
[WhiteElo "2111"]
[BlackElo "1989"]

1.d4 Nf6 2.c4 e6 3.g3 d5 4.Nf3 Be7 5.Bg2 O-O 6.O-O c6 7.Qc2 Nbd7 8.b3 b6
9.Rd1 Bb7 10.Nc3 Qc7 11.Bf4 Bd6 12.Bxd6 Qxd6 13.e4 dxe4 14.Nxe4 Nxe4 15.Qxe4 Nf6
16.Qe3 Rfd8 17.Rd2 Qc7 18.Ne5 Nd7 19.f4 Nxe5 20.fxe5 Rd7 21.Rad1 Rad8 22.Be4 Re8
23.Qf4 Qd8 24.b4 Qe7 25.c5 b5 26.Qf3 Rc7 27.Qd3 h6 28.a4 a6 29.axb5 axb5
30.Ra1 Ra8 31.Rda2 Qd8 32.h4 Rd7 33.Rxa8 Bxa8 34.Kf2 Rxd4 35.Rxa8 Rxd3 36.Rxd8+ Rxd8
37.Bxc6 Rd4 38.Bxb5 Rxb4 39.Ba6 Ra4  0-1

[Event "Old Capital Open 2013"]
[Site "Veliko Tarnovo BUL"]
[Date "2013.05.05"]
[Round "8.11"]
[White "Tashkov,R"]
[Black "Nikolov,Nikolay Petrov"]
[Result "1-0"]
[WhiteElo "2211"]
[BlackElo "2084"]

1.d4 Nf6 2.c4 e6 3.g3 d5 4.Nf3 Be7 5.Bg2 O-O 6.O-O c6 7.Qc2 Nbd7 8.Nbd2 b6
9.e4 Bb7 10.e5 Ne8 11.cxd5 cxd5 12.Re1 Qc8 13.Qd1 Ba6 14.Nf1 g6 15.Bh6 Ng7
16.Qd2 Qc4 17.Qf4 Rac8 18.Ne3 Qb4 19.Ng5 Qxb2 20.Rab1 Qa3 21.Ng4 Nh5 22.Qd2 Qd3
23.Qxd3 Bxd3 24.Rbd1 Bc2 25.Rc1 Ng7 26.Bf1 Rc3 27.Ba6 Nb8 28.Nf6+ Kh8 29.Bb5 a6
30.Ba4 Bxf6 31.exf6 Rfc8 32.Bxg7+ Kg8 33.Bxc2 Rxc2 34.Rxc2 Rxc2 35.Nf3 Nc6
36.a4 Na5 37.Ne5 Nc6 38.Ng4 h5 39.Nh6+ Kh7 40.Nxf7 Nxd4 41.Ng5+ Kg8 42.Bh6  1-0

[Event "Oceania Open zt 2013"]
[Site "Nadi FIJ"]
[Date "2013.05.06"]
[Round "4.3"]
[White "Feldman,V"]
[Black "Muller,J"]
[Result "0-1"]
[WhiteElo "2233"]
[BlackElo "2039"]

1.d4 Nf6 2.c4 e6 3.g3 d5 4.Nf3 Be7 5.Bg2 O-O 6.O-O c6 7.Qc2 Nbd7 8.b3 b6
9.Bb2 Bb7 10.Nbd2 Rc8 11.e4 c5 12.e5 Ne8 13.dxc5 Nxc5 14.Rfd1 Qc7 15.Rac1 dxc4
16.Nxc4 Qb8 17.Qe2 Nc7 18.Nd6 Ba6 19.Qc2 Bxd6 20.Ng5 g6 21.exd6 Nd5 22.Qd2 Nd3
23.Rxc8 Rxc8 24.Ne4 f5 25.d7 Rd8 26.Ng5 Qd6 27.Nxe6 Qxe6 28.Bxd5 Qxd5 29.Qc3 Rxd7
30.Qh8+ Kf7 31.Qxh7+ Ke8 32.Qh8+ Kf7 33.Qf6+ Ke8 34.Ba3 Rf7 35.Qxg6 Bb5 36.Qg8+ Kd7
37.Rd2 Ke6 38.Qg6+ Rf6 39.Re2+ Ne5 40.Qg8+ Rf7 41.Qc8+ Kf6 42.Qh8+ Rg7 43.Qh6+ Kf7
44.Qh5+ Kg8 45.Re3 Bc6 46.f3 Qd1+ 47.Kf2 Qd2+ 48.Re2 Nd3+  0-1

[Event "Victory Day Open 2013"]
[Site "Moscow RUS"]
[Date "2013.05.07"]
[Round "3.3"]
[White "Kostin,K"]
[Black "Geivondian,Arman"]
[Result "1-0"]
[WhiteElo "2292"]
[BlackElo "2264"]

1.Nf3 Nf6 2.c4 e6 3.d4 d5 4.g3 Be7 5.Bg2 O-O 6.O-O dxc4 7.Qa4 a6 8.Qxc4 b5
9.Qc2 Bb7 10.Bd2 Ra7 11.a3 Be4 12.Qc1 Nc6 13.e3 Qa8 14.Qd1 Nd5 15.Qe2 b4
16.Rc1 bxa3 17.bxa3 Rb8 18.Ne5 Nxe5 19.Bxe4 Nd7 20.Bg2 c5 21.e4 N5f6 22.Bg5 Bf8
23.dxc5 Rc7 24.Nc3 e5 25.Nd5 Rxc5 26.Rxc5 Bxc5 27.Bxf6 Nxf6 28.Nxf6+ gxf6
29.Qg4+ Kh8 30.Qh4 Qc6 31.Bh3 Kg7 32.Bf5 h6 33.Qg4+ Kf8 34.Ra2 Rb1+ 35.Kg2 Qb5
36.Kh3 Rh1 37.f4 Qf1+ 38.Kh4 Bf2 39.h3 Rg1 40.Bh7 Bxg3+ 41.Kh5 Ke7 42.Rd2 f5
43.exf5 Qxf4 44.f6+ Kxf6 45.Rd6+ Ke7 46.Qd7+ Kf8 47.Qd8+  1-0

[Event "31st Liechtenstein Open 2013"]
[Site "Triesen LIE"]
[Date "2013.05.07"]
[Round "5.16"]
[White "Schaefer,Mi1"]
[Black "Marentini,M"]
[Result "1/2-1/2"]
[WhiteElo "2172"]
[BlackElo "2060"]

1.d4 e6 2.c4 d5 3.Nf3 Be7 4.g3 Nf6 5.Bg2 dxc4 6.Qa4+ Bd7 7.Qxc4 Bc6 8.O-O O-O
9.Nc3 Nbd7 10.Qd3 Nd5 11.Nxd5 exd5 12.Bf4 a6 13.Rfc1 Re8 14.Rc2 g5 15.Be3 g4
16.Ne5 Nxe5 17.dxe5 Qd7 18.Rd1 Rad8  1/2-1/2

[Event "HC Andersen Open 2013"]
[Site "Odense DEN"]
[Date "2013.05.09"]
[Round "2.3"]
[White "Rusev,K"]
[Black "Rendboe,J"]
[Result "1-0"]
[WhiteElo "2545"]
[BlackElo "2241"]

1.d4 d5 2.c4 e6 3.Nf3 Nf6 4.g3 Be7 5.Bg2 O-O 6.O-O b6 7.cxd5 exd5 8.Nc3 Bb7
9.Bf4 Ne4 10.Rc1 Nxc3 11.Rxc3 Na6 12.Ne5 c5 13.dxc5 Nxc5 14.Rc2 Bf6 15.Ng4 d4
16.Bxb7 Nxb7 17.b4 h5 18.Ne5 Qd5 19.Nc6 Rfe8 20.Qd3 h4 21.f3 hxg3 22.hxg3 Nd6
23.Rd1 g5 24.Bxd6 Qxd6 25.Kg2 a6 26.a4 Rac8 27.b5 axb5 28.axb5 Rc7 29.Qf5 Qe6
30.Qxe6 Rxe6 31.Ra2 Rd7 32.e4 g4 33.Ra8+ Kg7 34.Rd3 gxf3+ 35.Kxf3 Be5 36.Ra6 Rf6+
37.Ke2 Re6 38.Rxb6 Bc7 39.Rb7 Rxe4+ 40.Kf3 Re6 41.Rxd4 Rf6+ 42.Ke4 Rxd4+
43.Nxd4 Bb6 44.Nf5+ Kg6 45.Ne7+ Kg7 46.Nd5 Re6+ 47.Kf3 Bg1 48.Rd7 Bc5 49.Rc7 Bd4
50.Rc4 Bg1 51.Re4 Rd6 52.Re5 f6 53.Rh5 Bd4 54.Ne7 Rb6 55.Rd5 Be5 56.Nc6 Bb2
57.Ke4 Kg6 58.Kd3 Kf7 59.Kc4 Ba3 60.Rd7+ Ke6 61.Ra7 Bd6 62.Ra6 Bc7 63.Kc5  1-0

[Event "II Maremma Open"]
[Site "Grosseto ITA"]
[Date "2013.05.11"]
[Round "5"]
[White "Laketic,G"]
[Black "Naumkin,I"]
[Result "0-1"]
[WhiteElo "2420"]
[BlackElo "2453"]

1.d4 Nf6 2.c4 e6 3.g3 d5 4.Bg2 Be7 5.Nf3 O-O 6.O-O dxc4 7.Qa4 a6 8.Qxc4 b5
9.Qc2 Bb7 10.Bd2 Be4 11.Qc1 Nc6 12.Be3 Nb4 13.Nbd2 Bb7 14.Nb3 Bd5 15.Qd1 h6
16.a3 Nc6 17.Rc1 Bd6 18.Ne1 Bxg2 19.Kxg2 Ne7 20.Nd3 Ng6 21.f3 e5 22.dxe5 Nxe5
23.Nxe5 Bxe5 24.Qc2 Nd5 25.Bf2 Qg5 26.e4 Ne3+ 27.Bxe3 Qxe3 28.f4 Bf6 29.e5 Bd8
30.Rce1 Qb6 31.Nc5 Be7 32.Nd7 Qb7+ 33.Kh3 Rfd8 34.Rd1 c5 35.e6 fxe6 36.Nxc5 Qc6
37.b4 Rd5 38.Rxd5 exd5 39.Re1 Bxc5 40.Qxc5 Qd7+ 41.Kg2 Rc8 42.Qe7 Rc2+ 43.Re2 Qxe7  0-1